000 00360pab a2200157 454500
008 180718b2007 xxu||||| |||| 00| 0 eng d
100 _aSharan, Shree Shankar
245 _aThe pluses and minuses of leadership
260 _c2007
300 _ap.19-21.
362 _a7 Sep
650 _aLeadership
773 _aMainstream
908 _aN
909 _a75759
999 _c75759
_d75759